000 00728nmm a2200277 a 4500
003 AR-BaBNM
005 20251128211354.0
008 084020s1997 ||||||||||||||000 | spa||
020 _a987-95510-8-7
040 _cAR-BaBNM
100 1 _aArlt, Roberto
245 1 0 _aNotas sobre el cinematógrafo
250 _a1ª ed.
260 _aBuenos Aires
_bEdiciones Simurg
_c1997
300 0 _a124 p.
650 4 _aLITERATURA ARGENTINA
650 4 _aLITERATURA CONTEMPORANEA
650 4 _aPERIODISMO
653 0 _aNARRATIVA
653 0 _aCRITICA CINEMATOGRAFICA
655 _aLITERATURA
700 1 _aRivera, Jorge B.
_eprologuista
700 1 _aGallo, Gastón Sebastián M.
_eeditor
942 _cBK
998 _cmartin
999 _c19387
_d19387